| 000 | 01132nam a2200337 i 4500 | ||
|---|---|---|---|
| 001 | 15885 | ||
| 003 | ES-MaACL | ||
| 005 | 20250901051844.0 | ||
| 007 | t| | ||
| 008 | 000512s19990000sp ||||0| spa j | ||
| 020 | _a84-376-1681-6 | ||
| 040 |
_aM-BN _bspa _cM-BN |
||
| 080 | _a308-055.2 | ||
| 080 | _a316.663:316.346.2 | ||
| 100 | 0 |
_aBeauvoir, Simone de, _d1908-1986 _926850 |
|
| 245 | 1 | 3 |
_aEl segundo sexo / _cSimone de Beauvoir ; prólogo a la edición española de Teresa López Pardina ; traducción de Alicia Martorell. |
| 250 | _a2ª ed. | ||
| 260 |
_aMadrid : _bCátedra, _c1999. |
||
| 300 |
_a2 v. ; _c21 cm. |
||
| 490 | 1 |
_aFeminismos ; _v50-51 |
|
| 500 | _aEn la port.: Universitat de València, Instituto de la Mujer. | ||
| 505 | 8 | _av. 1. Los hechos y los mitos v. 2. La experiencia vivida | |
| 650 | 1 | 4 |
_aMujeres- _xSituación social. _915317 |
| 650 | 4 |
_aRol sexual. _916927 |
|
| 700 | 1 |
_aLópez Pardina, Teresa. _973862 |
|
| 700 | 1 |
_aMartorell, Alicia. _978529 |
|
| 830 | 0 | 0 |
_aFeminismos _v50-51 _9179833 |
| 852 |
_aES-MaACL _jL-22887-88 _bR.128153 |
||
| 999 |
_c15885 _d15885 |
||